000 00868nas a2200301 4500
001 BR8103664
003 BR-BrBNA
005 20231205084805.0
007 ta
008 230509b bl.|||p| |||| 00| 00por d
040 _aBR-BrBNA
_bpor
_cBiblioteca Nacional de Agricultura
041 _a(Pt)
072 _aN20
100 1 _aFernandes, J.
100 1 _aFurlani Neto, V.L.
100 1 _aStolf, R.
245 1 _aDimensionamento do subsolador alado [Implemento agricola; Cana de acucar]
650 _aEquipamento rural
650 _aSubsolador
650 _aCana de acucar
650 _aImplemento agricola
650 _aMaquina agricola
650 _aSubsolagem
650 _aSolo
773 0 _tBrasil Acucareiro (Brazil)
_xISSN 0006-9167
_g(Feb 1981), v. 97(2) p. 32-38
_wBR8103664
909 _a202311
_bLúcia
_c55
_dLúcia Elande
942 _2AGRIS
_n0
_cANA
999 _c107298
_d107298